Statistiques concernant Chaînes de la TNT française

Cliquez ici pour prendre le quiz!

Statistiques générales

  • Ce quiz a été pris 8 417 fois
    (8 235 depuis la dernière actualisation)
  • Le résultat moyen est 17 sur 30

Statistiques - réponses

CanalChaîne% Correct
1TF1
100%
2France 2
99%
3France 3
98%
6M6
94%
4Canal+
93%
5France 5
91%
9W9
88%
7Arte
85%
8C8
81%
18Gulli
77%
10TMC
75%
15BFM TV
73%
12NRJ 12
71%
14France 4
66%
11TFX
60%
16CNews
58%
21L'Équipe
58%
17CStar
47%
13LCP
43%
24RMC Découverte
34%
20TF1 Séries Films
31%
25Chérie 25
29%
226ter
28%
26LCI
23%
27France Info
20%
23RMC Story
19%
41Paris Première
13%
42Canal+ Sport
7%
43Canal+ Cinéma
5%
45Planète+
3%

Distribution des résultats

Percentile par nombre de réponses

% des personnes avec chaque résultat

Votre développement - résultats

Vous n’avez pas pris ce quiz depuis la dernière actualisation